Ancient Empires - Statistics

General Stats
  • This quiz has been taken 102 times
  • The average score is 7 of 10
Answer Stats
Description Answer % Correct
Known for its vast territorial expansion, sophisticated governance, and enduring influence on Western civilization. Roman
97%
Known for its contributions to philosophy, art, and democracy, as well as its military prowess. Greek
90%
Largest contiguous land empire in history, characterized by its nomadic lifestyle, formidable military tactics, and significant cultural exchange. Mongol
88%
Successor to the Eastern Roman Empire, famed for its religious significance, architectural achievements, and complex bureaucracy. Byzantine
82%
Spanning three continents, it was notable for its military conquests, religious tolerance, and architectural grandeur. Ottoman
71%
Renowned for its centralized administration, cultural diversity, and extensive road network. Persian
63%
Known for its vast territorial expansion, bureaucratic system, and advancements in technology and governance. Chinese
58%
Famous for its engineering marvels such as Machu Picchu, intricate road system, and administrative organization. Inca
58%
Known for its complex social structure, religious practices, and architectural accomplishments such as the city of Tenochtitlan. Aztec
56%
Famous for its monumental architecture, hierarchical society, and advanced understanding of science and engineering. Egyptian
56%
No matching quizzes found
Score Distribution
Percent of People with Each Score
Percentile by Number Answered
Your Score History
You have not taken this quiz